Biblioteca

Fe y salud mental en tiempos posmodernos (Registro nro. 52300)

Detalles MARC
000 -LÍDER
Campo fijo de descripción fija 01455cab a2200217 i 4500
001 - NÚMERO DE CONTROL
Campo de control 768714001
003 - IDENTIFICADOR DEL NÚMERO DE CONTROL
Campo de control CO-MdFUSB
005 - FECHA Y HORA DE LA ULTIMA TRANSACCIÓN
control field 20240423094028.0
008 - ELEMENTOS DE LONGITUD FIJA -- INFORMACIÓN GENERAL
Campo fijo de descripción fija -- Información general 240203t1998 ck ||||| |||| 00| 0 spa d
022 ## - NÚMERO INTERNACIONAL NORMALIZADO PARA PUBLICACIONES SERIADAS
Número Internacional Normalizado para Publicaciones Seriadas 01222937
040 ## - FUENTE DE CATALOGACIÓN
Agencia Catalogadora CO-MdFUSB
Idioma de catalogación spa
Agencia que realiza la transcripción CO-MdFUSB
Agencia que realiza la modificación CO-MdFUSB
041 ## - CÓDIGO DE IDIOMA
Código de idioma para texto/pista de sonido o título separado spa
100 1# - ASIENTO PRINCIPAL--NOMBRE PERSONAL
Nombre personal Pinto, Carlos
Término relacionador autor
245 10 - TÍTULO
Título Fe y salud mental en tiempos posmodernos
Mención de responsabilidad / Carlos Pinto
300 ## - DESCRIPCIÓN FÍSICA
Extensión Volumen 17, número 2 (abril - julio, 1998), páginas: 24 - 28
Dimensiones ; 27 cm
520 ## - NOTA DE RESUMEN, ETC.
Nota de sumario, etc. La historia nos muestra que por mucho tiempo la psicología negó el factor espiritual y lo percibió como un factor patógeno en el área de la salud. mental. Sin embargo, en tiempos posmodernos se legitima y magnifica el aspecto positivo de la fe como factor de la salud. Estas posiciones exageradas no son facilitadoras de procesos de sanidad mental. Por lo tanto, se requiere mayor diálogo y evaluación por parte de quienes se dedican al trabajo clínico o pastoral. En este contexto, los profesionales cristianos de la salud mental tienen la oportunidad de presentar sus observaciones y experiencias clínicas en forma seria y científica con miras a definir el uso terapéutico de la fe dentro de los marcos teológicos y psicológicos correspondientes.
650 #7 - ASIENTO SECUNDARIO DE MATERIA - TERMINO TEMÁTICO
Término temático o nombre geográfico como elemento de entrada Fe
9 (RLIN) 531
653 ## - TÉRMINO DE INDIZACIÓN - NO CONTROLADO
Término no controlado Salud mental
773 0# - ASIENTO DE ITEM FUENTE
Título Iglesia y Misión
Biblionumber 49402
Itemnumber 59634
Parte(s) relacionada(s) / Volumen., número. (mes año), páginas Volumen 17, número 2 (abril - julio, 1998), páginas: 24 - 28
Enumeración y primera página página: 24
942 ## - TIPO DE MATERIAL (KOHA)
Tipo de Item KOHA Artículos de Revista

No hay ítems disponibles.

Biblioteca FUSBC | Teléfono: (57+4) 349 88 10 Ext. 141| WhatsApp (+57) 3005338115 
E-mail: biblioteca@unisbc.edu.co | Calle 76 87-14 Robledo Palenque, Medellín, Colombia

Con tecnología Koha